[Event "Moscow Chmp. b15 2016"]
[Site "ÐœÐ¾Ñ�ÐºÐ²Ð°"]
[Date "2016.11.14"]
[Round "3.15"]
[White "Beliuga, Mikhail"]
[Black "Ivanov, Egor"]
[Result "1-0"]
[WhiteElo "1655"]
[BlackElo "1354"]
[PlyCount "69"]
[EventDate "2016.11.12"]

1. c4 Nf6 2. Nc3 e6 3. g3 c5 4. Bg2 Nc6 5. e3 Ne7 6. Nge2 g6 7. d4 cxd4 8. Nb5
Qb6 9. Qxd4 Ned5 10. Qxb6 Nxb6 11. Nc7+ Kd8 12. Nxa8 Nxa8 13. Bd2 Be7 14. b4
Nb6 15. c5 Nc4 16. Bc3 Na3 17. O-O-O Rg8 18. h3 Nb5 19. Be5 Nc7 20. a3 Nfd5 21.
e4 Nf6 22. Nc3 Nfe8 23. Rd3 h6 24. Bf4 g5 25. Be3 e5 26. Nd5 Ng7 27. g4 Nge6
28. a4 a6 29. Bf1 Rg6 30. Rc3 Bf8 31. b5 a5 32. c6 Nxd5 33. exd5 Nf4 34. Bb6+
Ke8 35. Bxa5 1-0

[Event "Moscow Chmp. b15 2016"]
[Site "ÐœÐ¾Ñ�ÐºÐ²Ð°"]
[Date "2016.11.14"]
[Round "3.17"]
[White "Sorokin, Mikhael"]
[Black "Ivanov, Ilya"]
[Result "1/2-1/2"]
[WhiteElo "1398"]
[BlackElo "1628"]
[PlyCount "55"]
[EventDate "2016.11.12"]

1. d4 e6 2. c4 d5 3. Nc3 Nf6 4. Bf4 b6 5. e3 Ba6 6. b3 Bb4 7. Nge2 dxc4 8. bxc4
O-O 9. Qb3 Bd6 10. Bg3 Nc6 11. Bxd6 cxd6 12. Ng3 Rc8 13. Nb5 Bb7 14. Rc1 Na5
15. Qa3 Ba6 16. Nxd6 Rc6 17. Nb5 Qd7 18. Be2 Bxb5 19. cxb5 Rxc1+ 20. Qxc1 Qd5
21. O-O Qxa2 22. Qc7 Nb3 23. Qc4 Qb2 24. Rd1 Nd5 25. Ne4 Na5 26. Qd3 Rc8 27.
Rf1 Rc2 {íå ïîíÿòíî} 28. Nc5 1/2-1/2

[Event "Moscow Chmp. b15 2016"]
[Site "ÐœÐ¾Ñ�ÐºÐ²Ð°"]
[Date "2016.11.14"]
[Round "3.21"]
[White "Makhauri, Eli"]
[Black "Zakirov, Artur"]
[Result "0-1"]
[WhiteElo "1596"]
[BlackElo "1824"]
[PlyCount "40"]
[EventDate "2016.11.12"]

1. e4 c5 2. Nf3 Nc6 3. Bb5 g6 4. O-O Bg7 5. Nc3 Nf6 6. d3 d6 7. h3 O-O 8. Be3
Bd7 9. Qd2 a6 10. Bxc6 Bxc6 11. Nh2 d5 12. exd5 Nxd5 13. Bxc5 Nxc3 14. Bxe7
Qxe7 15. bxc3 Qc7 16. d4 Bb5 17. Rfe1 Rac8 18. a4 Bc4 19. Ng4 Be6 20. Ne3 Qxc3
0-1

[Event "Moscow Chmp. b15 2016"]
[Site "ÐœÐ¾Ñ�ÐºÐ²Ð°"]
[Date "2016.11.14"]
[Round "3.22"]
[White "Gavrilov, Victor"]
[Black "Ivanov-Chernets, Kirill"]
[Result "1-0"]
[WhiteElo "1795"]
[BlackElo "1538"]
[PlyCount "47"]
[EventDate "2016.11.12"]

1. d4 Nf6 2. c4 c5 3. d5 e6 4. Nc3 exd5 5. cxd5 d6 6. e4 g6 7. Nf3 Bg7 8. Nd2
a6 9. a4 Qe7 10. f3 Nbd7 11. Nc4 Nh5 12. g4 Qh4+ 13. Kd2 Ng3 14. Qe1 Nxf1+ 15.
Rxf1 Qxh2+ 16. Ne2 Qg2 17. Qh4 Nf6 18. g5 Nh5 19. Rg1 Qxf3 20. Ra3 Qxa3 21.
bxa3 Rb8 22. Nf4 b5 23. axb5 axb5 24. Nxd6+ 1-0

[Event "Moscow Chmp. b15 2016"]
[Site "ÐœÐ¾Ñ�ÐºÐ²Ð°"]
[Date "2016.11.14"]
[Round "3.23"]
[White "Vinokur, Leonid"]
[Black "Smelykh, Edvin"]
[Result "1/2-1/2"]
[WhiteElo "1594"]
[BlackElo "1715"]
[PlyCount "48"]
[EventDate "2016.11.12"]

1. d4 d5 2. Nf3 c6 3. g3 Nf6 4. Bg2 Nbd7 5. O-O e6 6. b3 Be7 7. Bb2 Qc7 8. c4
O-O 9. Nc3 Nb6 10. Ne5 dxc4 11. Nxc4 Nbd5 12. e4 Nxc3 13. Bxc3 b6 14. Rc1 Ba6
15. Re1 Rfd8 16. Qc2 Rac8 17. Rcd1 Qb8 18. Ne3 Bb7 19. f4 Qa8 20. e5 Nd5 21.
Nxd5 cxd5 22. Qe2 Rc7 23. Bb2 Rdc8 24. f5 {íå ïîíÿòíî} Rc1 1/2-1/2

[Event "Moscow Chmp. b15 2016"]
[Site "ÐœÐ¾Ñ�ÐºÐ²Ð°"]
[Date "2016.11.14"]
[Round "3.24"]
[White "Nikolaev, Daniil"]
[Black "Orlov, Aleksandr"]
[Result "0-1"]
[WhiteElo "1705"]
[BlackElo "1449"]
[PlyCount "61"]
[EventDate "2016.11.12"]

1. e4 c6 2. d4 d5 3. Nc3 dxe4 4. Nxe4 Bf5 5. Ng3 Bg6 6. Nf3 Nd7 7. h4 h6 8. h5
Bh7 9. Bd3 Bxd3 10. Qxd3 Ngf6 11. Bd2 e6 12. O-O-O Qc7 13. c4 O-O-O 14. Bc3 Be7
15. Kb1 Rhg8 16. Ne4 Ng4 17. Qe2 Rde8 18. g3 f5 19. Ned2 Bf6 20. Nh4 Bxh4 21.
Rxh4 e5 22. dxe5 Ngxe5 23. Rf4 Ng6 24. Qxe8+ Rxe8 25. hxg6 Qd6 26. Bxg7 Qxg6
27. Bc3 Nc5 28. f3 Qh5 29. Rg1 Ne6 30. g4 fxg4 31. fxg4 0-1

[Event "Moscow Chmp. b15 2016"]
[Site "ÐœÐ¾Ñ�ÐºÐ²Ð°"]
[Date "2016.11.14"]
[Round "3.25"]
[White "Presnyakov, Oleg"]
[Black "Plaksin, Daniil"]
[Result "0-1"]
[WhiteElo "1370"]
[BlackElo "1681"]
[PlyCount "61"]
[EventDate "2016.11.12"]

1. e4 c5 2. f4 d5 3. e5 Bf5 4. Nf3 e6 5. Nc3 Nh6 6. Bb5+ Nd7 7. d3 a6 8. Bxd7+
Qxd7 9. O-O Be7 10. Ne2 Rc8 11. b3 b5 12. a4 b4 13. Ng3 Bg6 14. Bb2 O-O 15. Rc1
Qb7 16. Qe2 Rfd8 17. Rfd1 Rd7 18. Nh1 Rdc7 19. Nf2 c4 20. dxc4 dxc4 21. bxc4
Rxc4 22. Nd4 Nf5 23. Nxf5 Bxf5 24. Nd3 Qc6 25. g3 Rxc2 26. Qf1 Bxd3 27. Rxc2
Qxc2 28. Qxd3 Qxb2 29. Qd7 Rc2 30. Qe8+ Bf8 31. Qa8 0-1

[Event "Moscow Chmp. b15 2016"]
[Site "ÐœÐ¾Ñ�ÐºÐ²Ð°"]
[Date "2016.11.14"]
[Round "3.26"]
[White "Lutan, Gleb"]
[Black "Sekoyan, Vachagan"]
[Result "0-1"]
[WhiteElo "1446"]
[BlackElo "1655"]
[PlyCount "72"]
[EventDate "2016.11.12"]

1. d4 g6 2. c4 Bg7 3. Nc3 d6 4. e4 Nd7 5. Nf3 e5 6. Be2 Ngf6 7. O-O O-O 8. Re1
h6 9. Bf1 a5 10. Rb1 Re8 11. b3 b6 12. a3 Bb7 13. d5 Nh7 14. Nd2 f5 15. f3 f4
16. b4 Ndf6 17. Nb3 axb4 18. axb4 Ba6 19. c5 Bxf1 20. Rxf1 g5 21. Bd2 h5 22. h3
Qc8 23. Nb5 Qd7 24. Qe2 g4 25. fxg4 hxg4 26. hxg4 Ng5 27. cxd6 cxd6 28. Rfc1
Rec8 29. Be1 Ngxe4 30. Nd2 Nxd2 31. Bxd2 Nxd5 32. Rxc8+ Rxc8 33. Ra1 Nc7 34.
Nxc7 Rxc7 35. Ra3 Kf7 36. g3 Qc6 {íå ïîíÿòíî} 0-1

[Event "Moscow Chmp. b15 2016"]
[Site "ÐœÐ¾Ñ�ÐºÐ²Ð°"]
[Date "2016.11.14"]
[Round "3.27"]
[White "Khuranov, Aynar"]
[Black "Bregman, Ilya"]
[Result "0-1"]
[WhiteElo "1440"]
[BlackElo "1835"]
[PlyCount "28"]
[EventDate "2016.11.12"]

1. e4 e6 2. d3 d5 3. Nd2 c5 4. Ngf3 Nc6 5. g3 g6 6. Bg2 Bg7 7. c3 d4 8. Qc2
Nge7 9. O-O O-O 10. Nb3 Qb6 11. Re1 e5 12. Nbd2 Be6 13. cxd4 cxd4 14. Nc4 Nb4 {
íå ïîíÿòíî} 0-1

[Event "Moscow Chmp. b15 2016"]
[Site "ÐœÐ¾Ñ�ÐºÐ²Ð°"]
[Date "2016.11.14"]
[Round "3.28"]
[White "Plaksin, Igor"]
[Black "Pavlov, Ivan"]
[Result "1-0"]
[WhiteElo "1712"]
[BlackElo "1393"]
[PlyCount "38"]
[EventDate "2016.11.12"]

1. e4 e6 2. d4 d5 3. Nc3 dxe4 4. Nxe4 Nd7 5. Bd3 Ngf6 6. Qe2 Be7 7. Nf3 b6 8.
O-O O-O 9. c3 Bb7 10. Nxf6+ Nxf6 11. Ne5 c5 12. Rd1 cxd4 13. cxd4 Qd5 14. f3
Qxd4+ 15. Kh1 Qc5 16. Bg5 Rad8 17. a3 Bd5 18. Rdc1 Qa5 19. Rc3 Be4 {íå ïîíÿòíî}
1-0

[Event "Moscow Chmp. b15 2016"]
[Site "ÐœÐ¾Ñ�ÐºÐ²Ð°"]
[Date "2016.11.14"]
[Round "3.29"]
[White "Nikulshin, Alexey"]
[Black "Abduraimov, Esmet"]
[Result "1/2-1/2"]
[WhiteElo "1348"]
[BlackElo "1687"]
[PlyCount "53"]
[EventDate "2016.11.12"]

1. e4 c5 2. c3 Nf6 3. e5 Nd5 4. d4 cxd4 5. cxd4 d6 6. Nf3 Nc6 7. Bc4 e6 8. O-O
Bd7 9. Bxd5 exd5 10. exd6 Bxd6 11. Re1+ Be7 12. Nc3 Be6 13. Be3 O-O 14. h3 Bf5
15. a3 Na5 16. Ne5 f6 17. Nd3 Nc4 18. Bc1 Rc8 19. Nf4 Nb6 20. Qf3 Bc2 21. Ne6
Qd7 22. Nxf8 Kxf8 23. Qe2 Bb3 24. Bf4 Rc6 25. Rac1 Bc4 26. Qe3 a5 27. Ne2 {íå
ïîíÿòíî} 1/2-1/2

[Event "Moscow Chmp. b15 2016"]
[Site "ÐœÐ¾Ñ�ÐºÐ²Ð°"]
[Date "2016.11.15"]
[Round "4.1"]
[White "Yeritsyan, Aram"]
[Black "Makarian, Rudik"]
[Result "0-1"]
[WhiteElo "2156"]
[BlackElo "1980"]
[PlyCount "46"]
[EventDate "2016.11.12"]

1. e4 e6 2. d4 d5 3. Nc3 Bb4 4. e5 Ne7 5. a3 Bxc3+ 6. bxc3 c5 7. Nf3 b6 8. a4
Qc7 9. Bb5+ Nd7 10. h4 f6 11. exf6 gxf6 12. Bh6 Ng8 13. O-O a6 14. Bd3 Nf8 15.
Nh2 e5 16. Qh5+ Ng6 17. f4 e4 18. Be2 Bf5 19. g4 O-O-O 20. Kh1 Bd7 21. Bxa6+
Kb8 22. f5 c4 23. Be3 Qg3 0-1

[Event "Moscow Chmp. b15 2016"]
[Site "ÐœÐ¾Ñ�ÐºÐ²Ð°"]
[Date "2016.11.15"]
[Round "4.2"]
[White "Perov, German"]
[Black "Dudin, Gleb"]
[Result "0-1"]
[WhiteElo "1875"]
[BlackElo "2118"]
[PlyCount "114"]
[EventDate "2016.11.12"]

1. e4 c6 2. d4 d5 3. exd5 cxd5 4. c4 Nf6 5. Nc3 g6 6. Qb3 Bg7 7. cxd5 O-O 8.
Nge2 a5 9. Nf4 a4 10. Nxa4 g5 11. Nb6 gxf4 12. Nxa8 Qa5+ 13. Bd2 Qxa8 14. Bd3
b6 15. Bxf4 Bb7 16. Bc2 Bxd5 17. Qg3 Kh8 18. O-O Nbd7 19. f3 Nh5 20. Qh4 Bxd4+
21. Kh1 Ndf6 22. Bh6 Bxb2 23. Rab1 Be5 24. Bxf8 Qxf8 25. Rfe1 Bd6 26. Rxb6 Qa8
27. Be4 Qxa2 28. Reb1 Nf4 29. Qg5 Ng6 30. h4 Bf4 31. Qf5 Bxe4 32. fxe4 Nxh4 33.
Qh3 Ng6 34. Qf3 Be5 35. R6b5 Kg7 36. R5b3 h5 37. Rb5 Ng4 38. Rf1 Nh4 39. Qh3
Qe2 40. Rbb1 Nf2+ 41. Rxf2 Qxf2 42. g4 Qf3+ 43. Qxf3 Nxf3 44. gxh5 Kh6 45. Kg2
Ng5 46. Re1 Kxh5 47. Kf2 Bd4+ 48. Kg3 Be5+ 49. Kf2 Kg4 50. Ke3 e6 51. Rb1 f5
52. Rg1+ Bg3 53. exf5 exf5 54. Re1 f4+ 55. Ke2 f3+ 56. Ke3 Bf4+ 57. Kd3 f2 0-1

[Event "Moscow Chmp. b15 2016"]
[Site "ÐœÐ¾Ñ�ÐºÐ²Ð°"]
[Date "2016.11.15"]
[Round "4.3"]
[White "Belikov, Semen"]
[Black "Pesotskiy, Mikhail"]
[Result "1/2-1/2"]
[WhiteElo "1750"]
[BlackElo "2042"]
[PlyCount "45"]
[EventDate "2016.11.12"]

1. e4 e6 2. d4 d5 3. Nc3 Bb4 4. e5 c5 5. Qg4 Ne7 6. Bd2 cxd4 7. Qxd4 Nbc6 8.
Bb5 O-O 9. Bxc6 Nxc6 10. Qg4 f6 11. Nf3 fxe5 12. Nxe5 Qf6 13. Nxc6 Qxf2+ 14.
Kd1 bxc6 15. Qxb4 Qxg2 16. Re1 e5 17. Kc1 d4 18. Qc4+ Kh8 19. Na4 Bf5 20. Qe2
Qg6 21. b3 c5 22. c4 dxc3 23. Bxc3 {íå ïîíÿòíî} 1/2-1/2

[Event "Moscow Chmp. b15 2016"]
[Site "ÐœÐ¾Ñ�ÐºÐ²Ð°"]
[Date "2016.11.15"]
[Round "4.4"]
[White "Koldaev, Dungar"]
[Black "Gagarin, Vasily"]
[Result "1-0"]
[WhiteElo "1985"]
[BlackElo "1913"]
[PlyCount "33"]
[EventDate "2016.11.12"]

1. e4 e6 2. d4 d5 3. Nc3 Nf6 4. Bg5 Be7 5. e5 Nfd7 6. h4 h6 7. Be3 c5 8. Qg4 g6
9. Nf3 Nc6 10. dxc5 Ncxe5 11. Nxe5 Nxe5 12. Qg3 Bf6 13. Nb5 a6 14. Bf4 axb5 15.
Bxe5 Bxe5 16. Qxe5 Ke7 17. b4 {íå ïîíÿòíî} 1-0

[Event "Moscow Chmp. b15 2016"]
[Site "ÐœÐ¾Ñ�ÐºÐ²Ð°"]
[Date "2016.11.15"]
[Round "4.7"]
[White "Zhukov, Anton"]
[Black "Beliuga, Mikhail"]
[Result "0-1"]
[WhiteElo "1959"]
[BlackElo "1655"]
[PlyCount "132"]
[EventDate "2016.11.12"]

1. d4 Nf6 2. c4 e6 3. g3 c5 4. d5 d6 5. Nc3 Be7 6. Bg2 O-O 7. Nf3 exd5 8. cxd5
Nbd7 9. O-O Re8 10. Nd2 Bf8 11. e4 b6 12. Re1 Ba6 13. f4 b5 14. h3 Rc8 15. Qc2
b4 16. Nd1 Nxd5 17. Nf3 N5f6 18. Nf2 Qb6 19. e5 dxe5 20. fxe5 Nxe5 21. Rxe5
Rxe5 22. Nxe5 Bd6 23. Nc4 Bxc4 24. Qxc4 Bxg3 25. Ne4 Nxe4 26. Qxe4 Qf6 27. Qf3
Qe5 28. Qe3 Rd8 29. Qxe5 Rd1+ 30. Bf1 Bxe5 31. Kf2 Bf4 32. Bxf4 Rxa1 33. Bc4
Rb1 34. Be5 Rc1 35. Bd5 c4 36. Ke2 c3 37. bxc3 bxc3 38. Bf4 Rg1 39. Bb3 Rh1 40.
Kd3 Rxh3+ 41. Kc2 h5 42. Be5 g5 43. Bxc3 g4 44. Be5 Rf3 45. Kd2 h4 46. Ke2 h3
47. Bc7 Kg7 48. Bd5 Ra3 49. Kf2 Kg6 50. Bb3 Ra6 51. Kg3 f5 52. Be5 Rc6 53. a4
a5 54. Bd1 Rc1 55. Bb3 Rf1 56. Bd5 Kg5 57. Bc7 f4+ 58. Kh2 Rf2+ 59. Kg1 g3 60.
Bc4 h2+ 61. Kh1 Rd2 62. Bf1 Rd1 63. Bd8+ Rxd8 64. Kg2 Rd2+ 65. Be2 Rxe2+ 66.
Kh1 Re1+ 0-1

[Event "Moscow Chmp. b15 2016"]
[Site "ÐœÐ¾Ñ�ÐºÐ²Ð°"]
[Date "2016.11.15"]
[Round "4.8"]
[White "Lupolov, Boris"]
[Black "Lukyanenko, Artemiy"]
[Result "0-1"]
[WhiteElo "1918"]
[BlackElo "1686"]
[PlyCount "39"]
[EventDate "2016.11.12"]

1. d4 d6 2. c4 e5 3. Nf3 e4 4. Ng5 f5 5. Nc3 c6 6. Nh3 Nf6 7. e3 Be7 8. Bd2 O-O
9. Nf4 Na6 10. a3 Nc7 11. Be2 Kh8 12. b4 d5 13. cxd5 cxd5 14. O-O Bd6 15. Nh3
Ng4 16. g3 Qf6 17. f4 Be6 18. Ng5 h6 19. Nxe6 Qxe6 {íå ïîíÿòíî} 20. Bxg4 0-1

[Event "Moscow Chmp. b15 2016"]
[Site "ÐœÐ¾Ñ�ÐºÐ²Ð°"]
[Date "2016.11.15"]
[Round "4.9"]
[White "Ivlev, Aleksandr"]
[Black "Tadevosjan, Melis"]
[Result "1/2-1/2"]
[WhiteElo "1612"]
[BlackElo "1828"]
[PlyCount "64"]
[EventDate "2016.11.12"]

1. Nf3 d5 2. b3 Nf6 3. Bb2 Bf5 4. g3 e6 5. Bg2 Be7 6. d3 h6 7. Nbd2 O-O 8. O-O
Nbd7 9. c4 c6 10. Rc1 a5 11. Ne5 a4 12. Nxd7 Nxd7 13. e4 dxe4 14. dxe4 Bh7 15.
Bc3 axb3 16. Qxb3 Nc5 17. Qc2 Qc7 18. Nb3 Rfd8 19. Nxc5 Bxc5 20. Rfd1 Ra6 21.
Rxd8+ Qxd8 22. Rd1 Qa8 23. Rd2 Bg6 24. Qd1 Kh7 25. Qa1 Qf8 26. h4 Qe8 27. Qd1
f6 28. Rd8 Qe7 29. Rd7 Qe8 30. Rd8 Qe7 31. Rd7 Qe8 32. Rd8 Qe7 1/2-1/2

[Event "Moscow Chmp. b15 2016"]
[Site "ÐœÐ¾Ñ�ÐºÐ²Ð°"]
[Date "2016.11.15"]
[Round "4.10"]
[White "Kretov, Leonid"]
[Black "Tsymbal, Evgeny"]
[Result "1-0"]
[WhiteElo "1789"]
[BlackElo "1626"]
[PlyCount "69"]
[EventDate "2016.11.12"]

1. d4 d5 2. Nf3 Nf6 3. Bf4 c5 4. e3 Nc6 5. c3 Qb6 6. b3 Bg4 7. Be2 e6 8. O-O
Bxf3 9. Bxf3 cxd4 10. exd4 Be7 11. Qd3 O-O 12. Nd2 Rac8 13. Rfe1 Rfd8 14. h3 a6
15. g4 Na7 16. g5 Ne8 17. a4 Bd6 18. Bxd6 Qxd6 19. Qe3 Nc6 20. h4 Ne7 21. Bg4
Ng6 22. h5 Qf4 23. Bxe6 fxe6 24. hxg6 Qg4+ 25. Kf1 hxg6 26. Qxe6+ Qxe6 27. Rxe6
Kf7 28. Rae1 Nd6 29. Re7+ Kf8 30. R7e5 Nf5 31. Nb1 Rc7 32. Re6 Kf7 33. Rb6 Rh8
34. Kg1 Rh5 35. f4 {íå ïîíÿòíî} 1-0

[Event "Moscow Chmp. b15 2016"]
[Site "ÐœÐ¾Ñ�ÐºÐ²Ð°"]
[Date "2016.11.15"]
[Round "4.11"]
[White "Dmitriev, Leonid"]
[Black "Morozov, Fedor"]
[Result "1-0"]
[WhiteElo "1734"]
[BlackElo "1536"]
[PlyCount "30"]
[EventDate "2016.11.12"]

1. d4 e6 2. c4 d5 3. Nf3 Nf6 4. g3 b6 5. Bg2 Bb7 6. O-O Be7 7. Nbd2 O-O 8. b3
Nbd7 9. e3 c5 10. Bb2 Rc8 11. Rc1 Rc7 12. Rc2 Qa8 13. Qe2 Rfc8 14. Rfc1 cxd4
15. cxd5 h6 {íå ïîíÿòíî} 1-0

[Event "Moscow Chmp. b15 2016"]
[Site "ÐœÐ¾Ñ�ÐºÐ²Ð°"]
[Date "2016.11.15"]
[Round "4.12"]
[White "Sharapov, Mihail"]
[Black "Kuzmishin, Leonid"]
[Result "1/2-1/2"]
[WhiteElo "1564"]
[BlackElo "1733"]
[PlyCount "48"]
[EventDate "2016.11.12"]

1. d4 e6 2. Nf3 c5 3. c3 b6 4. Bf4 Bb7 5. Nbd2 d6 6. e3 Nf6 7. Bb5+ Nbd7 8. Nc4
d5 9. Nd6+ Bxd6 10. Bxd6 Ne4 11. Ne5 Nxd6 12. Bxd7+ Ke7 13. Qg4 Nf5 14. O-O f6
15. Nc6+ Bxc6 16. Bxc6 Rc8 17. Bxd5 Qxd5 18. e4 h5 19. Qxf5 Qxf5 20. exf5 cxd4
21. cxd4 Rhd8 22. Rfe1 Rxd4 23. Rxe6+ Kf7 24. Rae1 Rc7 {íå ïîíÿòíî} 1/2-1/2

[Event "Moscow Chmp. b15 2016"]
[Site "ÐœÐ¾Ñ�ÐºÐ²Ð°"]
[Date "2016.11.15"]
[Round "4.14"]
[White "Ivanov, Ilya"]
[Black "Gavrilov, Victor"]
[Result "0-1"]
[WhiteElo "1628"]
[BlackElo "1795"]
[PlyCount "41"]
[EventDate "2016.11.12"]

1. d4 d5 2. c4 e6 3. Nc3 Nf6 4. Bg5 Nbd7 5. e3 Be7 6. Nf3 h6 7. Bf4 a6 8. Rc1
c5 9. cxd5 exd5 10. Be2 O-O 11. O-O b6 12. dxc5 Nxc5 13. Nd4 Bb7 14. Bf3 Rc8
15. Bg4 Ra8 16. Bf3 Qd7 17. Be5 Rad8 18. Nce2 Ne6 19. Qd2 Ng5 20. Nf4 Nxf3+ 21.
gxf3 {íå ïîíÿòíî} 0-1

[Event "Moscow Chmp. b15 2016"]
[Site "ÐœÐ¾Ñ�ÐºÐ²Ð°"]
[Date "2016.11.15"]
[Round "4.15"]
[White "Maksimenko, Arseniy"]
[Black "Balashov, Egor"]
[Result "1-0"]
[WhiteElo "1603"]
[BlackElo "1769"]
[PlyCount "91"]
[EventDate "2016.11.12"]

1. d4 Nf6 2. c4 c5 3. d5 b5 4. Nc3 b4 5. Na4 d6 6. Nf3 g6 7. g3 Bg7 8. Bg2 Bd7
9. a3 a5 10. O-O O-O 11. Re1 Qe8 12. Nb6 Ra6 13. Nxd7 Nfxd7 14. Nd2 Qd8 15. Ne4
Rb6 16. Ra2 Ne5 17. Nd2 Qc8 18. f4 Ng4 19. Nf3 bxa3 20. bxa3 Rb1 21. Qc2 Qb7
22. h3 Nh6 23. Bd2 Rxe1+ 24. Bxe1 Nf5 25. Kf2 Nd7 26. Bxa5 Rb8 27. Bc3 Qb3 28.
Bxg7 Kxg7 29. Qxb3 Rxb3 30. Nd2 Rc3 31. g4 Ne3 32. Ne4 Nd1+ 33. Ke1 f5 34. Nxc3
Nxc3 35. Rb2 Kf7 36. Kd2 Na4 37. Rb3 Ndb6 38. Kd3 Kf6 39. g5+ Kf7 40. e4 e6 41.
exf5 exf5 42. Bf3 Ke7 43. Bd1 Kd7 44. Rb1 Ke7 45. Bxa4 Nxa4 46. Kc2 1-0

[Event "Moscow Chmp. b15 2016"]
[Site "ÐœÐ¾Ñ�ÐºÐ²Ð°"]
[Date "2016.11.15"]
[Round "4.16"]
[White "Talalov, Anton"]
[Black "Zhuk, Kirill"]
[Result "1/2-1/2"]
[WhiteElo "1709"]
[BlackElo "1548"]
[PlyCount "96"]
[EventDate "2016.11.12"]

1. e4 c5 2. Nf3 d6 3. d4 cxd4 4. Nxd4 Nf6 5. f3 e5 6. Nb3 Be7 7. c4 a5 8. Nc3
Nc6 9. Be3 a4 10. Nd2 Qa5 11. Rc1 O-O 12. Be2 Bd8 13. Nd5 Nxd5 14. cxd5 Ne7 15.
O-O Bb6 16. Bf2 Bxf2+ 17. Rxf2 b5 18. Nb1 Ba6 19. Bd3 Rac8 20. Rfc2 Rxc2 21.
Rxc2 Rc8 22. Kf1 Rxc2 23. Qxc2 b4 24. Nd2 Bxd3+ 25. Qxd3 g6 26. Nc4 Qc5 27. b3
a3 28. Qe3 Qb5 29. Qb6 Qxb6 30. Nxb6 f5 31. Ke2 Kf7 32. Kd3 Kf6 33. Kc4 Kg5 34.
g3 fxe4 35. fxe4 Kg4 36. Kxb4 Kh3 37. Nc4 Kxh2 38. Nxd6 Kxg3 39. Ka5 h5 40. b4
h4 41. b5 h3 42. b6 h2 43. b7 h1=Q 44. b8=Q Qe1+ 45. Qb4 Qxb4+ 46. Kxb4 Kf4 47.
Kc5 g5 48. Nf5 Nc8 1/2-1/2

[Event "Moscow Chmp. b15 2016"]
[Site "ÐœÐ¾Ñ�ÐºÐ²Ð°"]
[Date "2016.11.15"]
[Round "4.18"]
[White "Sekoyan, Vachagan"]
[Black "Sorokin, Mikhael"]
[Result "1-0"]
[WhiteElo "1655"]
[BlackElo "1398"]
[PlyCount "61"]
[EventDate "2016.11.12"]

1. d4 Nf6 2. c4 g6 3. Nc3 Bg7 4. e4 d6 5. Be2 O-O 6. Bg5 Nbd7 7. Nf3 Ne8 8. O-O
c5 9. d5 f6 10. Be3 Ne5 11. h3 f5 12. Nxe5 Bxe5 13. f4 Bg7 14. Rb1 fxe4 15.
Nxe4 Nf6 16. Bd3 Bd7 17. Ng5 Nh5 18. g4 Nf6 19. f5 h6 20. Ne6 Bxe6 21. fxe6 Qe8
22. Qd2 Kh7 23. Qe2 Rg8 24. h4 h5 25. gxh5 Kh8 26. hxg6 Qf8 27. Rxf6 exf6 28.
Qh5+ Bh6 29. Bxh6 Rg7 30. Bxg7+ Kxg7 31. Qh7# 1-0

[Event "Moscow Chmp. b15 2016"]
[Site "ÐœÐ¾Ñ�ÐºÐ²Ð°"]
[Date "2016.11.15"]
[Round "4.19"]
[White "Bregman, Ilya"]
[Black "Gornostaev, Yakov"]
[Result "1/2-1/2"]
[WhiteElo "1835"]
[BlackElo "1496"]
[PlyCount "82"]
[EventDate "2016.11.12"]

1. d4 Nf6 2. c4 g6 3. Nc3 Bg7 4. e4 O-O 5. Be2 d6 6. Bg5 Nbd7 7. h4 h6 8. Be3
Nh7 9. Qd2 h5 10. Nf3 e5 11. d5 Ndf6 12. Ng5 Ne8 13. g3 f5 14. Nxh7 Kxh7 15. f4
Qe7 16. Bf3 exf4 17. Bxf4 Bxc3 18. Qxc3 fxe4 19. Qe3 Nf6 20. O-O Bf5 21. Rae1
Rfe8 22. Qd4 Qg7 23. Bd1 Nd7 24. Qxg7+ Kxg7 25. Ba4 Re7 26. Bxd7 Bxd7 27. Ra1
Rae8 28. Be3 a6 29. a4 a5 30. Rac1 b6 31. b3 Bh3 32. Rf2 Rf7 33. Rxf7+ Kxf7 34.
Rc2 Bf5 35. Rb2 Ke7 36. Kf2 Rf8 37. Bf4 Bg4 38. Ke3 Bf5 39. Rd2 Kd7 40. Rd4 Re8
41. Rd2 Bg4 1/2-1/2

[Event "Moscow Chmp. b15 2016"]
[Site "ÐœÐ¾Ñ�ÐºÐ²Ð°"]
[Date "2016.11.15"]
[Round "4.21"]
[White "Ajrapetov, Andrey"]
[Black "Plaksin, Igor"]
[Result "0-1"]
[WhiteElo "1499"]
[BlackElo "1712"]
[PlyCount "60"]
[EventDate "2016.11.12"]

1. d4 Nf6 2. c4 c5 3. d5 b5 4. cxb5 a6 5. bxa6 g6 6. Nc3 Bg7 7. e4 Qa5 8. Qc2
Nxe4 9. Qxe4 Bxc3+ 10. Kd1 f5 11. Qf3 Qa4+ 12. b3 Qd4+ 13. Bd3 Bxa1 14. Ne2 Qg4
15. Qe3 Bd4 16. Qh6 Bxa6 17. f3 Qxg2 18. Re1 Bxd3 19. Nxd4 cxd4 20. Bd2 Qxf3+
21. Kc1 Be4 22. Qg7 Rf8 23. Qxd4 Qd3 24. Qxd3 Bxd3 25. Bb4 Rf7 26. d6 e6 27.
Kd2 Be4 28. a4 Nc6 29. Kc3 Nxb4 30. Kxb4 Bc6 0-1

[Event "Moscow Chmp. b15 2016"]
[Site "ÐœÐ¾Ñ�ÐºÐ²Ð°"]
[Date "2016.11.15"]
[Round "4.22"]
[White "Ivanov, Egor"]
[Black "Kozhukhov, Aleksandr"]
[Result "0-1"]
[WhiteElo "1354"]
[BlackElo "1634"]
[PlyCount "32"]
[EventDate "2016.11.12"]

1. d4 Nf6 2. Nf3 e6 3. Bf4 d5 4. e3 Be7 5. Nbd2 O-O 6. Bd3 b6 7. c3 Ba6 8. Bxa6
Nxa6 9. Ne5 Nb8 10. O-O Nfd7 11. h3 Nxe5 12. dxe5 c5 13. Qf3 Qc7 14. Qe2 Nc6
15. Rfd1 Rfd8 16. Rac1 Qb7 {íå ïîíÿòíî} 0-1

[Event "Moscow Chmp. b15 2016"]
[Site "ÐœÐ¾Ñ�ÐºÐ²Ð°"]
[Date "2016.11.15"]
[Round "4.26"]
[White "Abduraimov, Esmet"]
[Black "Lutan, Gleb"]
[Result "1-0"]
[WhiteElo "1687"]
[BlackElo "1446"]
[PlyCount "56"]
[EventDate "2016.11.12"]

1. e4 c6 2. c4 e6 3. d4 d5 4. e5 h6 5. Nc3 Bb4 6. Qg4 g6 7. h4 Ne7 8. h5 g5 9.
f4 gxf4 10. Qg7 Rg8 11. Qxh6 dxc4 12. Qxf4 Nd5 13. Qf3 Nxc3 14. bxc3 Qxd4 15.
Ne2 Qxe5 16. Bf4 Qf6 17. Bxb8 Bxc3+ 18. Nxc3 Qxf3 19. gxf3 Rxb8 20. Bxc4 b5 21.
Bb3 Ke7 22. Ne4 e5 23. Rc1 Bb7 24. Rc5 Rge8 25. Rxe5+ Kf8 26. Rc5 Re7 27. Kf2
Kg7 28. h6+ Kg6 {íå ïîíÿòíî} 1-0

[Event "Moscow Chmp. b15 2016"]
[Site "ÐœÐ¾Ñ�ÐºÐ²Ð°"]
[Date "2016.11.15"]
[Round "4.28"]
[White "Presnyakov, Oleg"]
[Black "Sakhin, Leonid"]
[Result "1/2-1/2"]
[WhiteElo "1370"]
[BlackElo "1563"]
[PlyCount "51"]
[EventDate "2016.11.12"]

1. e4 e6 2. d4 d5 3. Nc3 dxe4 4. Nxe4 Nd7 5. Nf3 Ngf6 6. Nxf6+ Nxf6 7. Bg5 Be7
8. c3 O-O 9. Bd3 b6 10. Bxf6 Bxf6 11. Be4 Rb8 12. Qd3 h6 13. h4 Bb7 14. g4 Bxe4
15. Qxe4 g6 16. O-O-O Bg7 17. Rdg1 Qd5 18. Qxd5 exd5 19. h5 g5 20. Nd2 Rbe8 21.
f4 f6 22. fxg5 fxg5 23. Re1 Rxe1+ 24. Rxe1 Bf6 25. Re6 Kf7 26. Re1 1/2-1/2

[Event "Moscow Chmp. b15 2016"]
[Site "ÐœÐ¾Ñ�ÐºÐ²Ð°"]
[Date "2016.11.15"]
[Round "4.29"]
[White "Ivanov-Chernets, Kirill"]
[Black "Nikulshin, Alexey"]
[Result "1-0"]
[WhiteElo "1538"]
[BlackElo "1348"]
[PlyCount "33"]
[EventDate "2016.11.12"]

1. d4 d5 2. c4 e6 3. Nc3 Nf6 4. Bg5 Nbd7 5. e3 Be7 6. cxd5 exd5 7. Bd3 O-O 8.
Nf3 b6 9. O-O Bb7 10. Qe2 c5 11. dxc5 bxc5 12. Rac1 h6 13. Bh4 Re8 14. Nb5 Rf8
15. Rfd1 Rc8 16. b3 Nb6 17. h3 {íå ïîíÿòíî} 1-0

[Event "Moscow Chmp. b15 2016"]
[Site "ÐœÐ¾Ñ�ÐºÐ²Ð°"]
[Date "2016.11.15"]
[Round "4.30"]
[White "Pavlov, Ivan"]
[Black "Khuranov, Aynar"]
[Result "1-0"]
[WhiteElo "1393"]
[BlackElo "1440"]
[PlyCount "63"]
[EventDate "2016.11.12"]

1. e4 e6 2. d4 d5 3. exd5 exd5 4. Bd3 Bd6 5. Ne2 Nf6 6. Bg5 c6 7. Nbc3 Nbd7 8.
Qd2 O-O 9. O-O-O a5 10. f3 b5 11. g4 a4 12. h4 b4 13. Nb1 c5 14. dxc5 Nxc5 15.
Nd4 b3 16. axb3 axb3 17. Nxb3 Nxb3+ 18. cxb3 Be6 19. Bc2 Qc7 20. h5 h6 21. Be3
Nh7 22. Qd3 Ng5 23. Bxg5 f5 24. Bd2 Bf4 25. Rhe1 Bxd2+ 26. Rxd2 Qb6 27. Rde2
Rf6 28. gxf5 Bxf5 29. Qxd5+ Be6 30. Rxe6 Rxe6 31. Rxe6 Rd8 32. Re8# 1-0

[Event "Moscow Chmp. b15 2016"]
[Site "ÐœÐ¾Ñ�ÐºÐ²Ð°"]
[Date "2016.11.16"]
[Round "5.1"]
[White "Makarian, Rudik"]
[Black "Koldaev, Dungar"]
[Result "1/2-1/2"]
[WhiteElo "1980"]
[BlackElo "1985"]
[PlyCount "25"]
[EventDate "2016.11.12"]

1. d4 d5 2. Nf3 Nf6 3. e3 e6 4. Be2 Be7 5. O-O O-O 6. c4 c6 7. Nc3 Nbd7 8. Nd2
b6 9. e4 dxe4 10. Ndxe4 Bb7 11. Qa4 Nxe4 12. Nxe4 Nf6 13. Rd1 {íå ïîíÿòíî}
1/2-1/2